<?xml version="1.0" encoding="UTF-8"?>
<record
    xmlns:xsi="http://www.w3.org/2001/XMLSchema-instance"
    xsi:schemaLocation="http://www.loc.gov/MARC21/slim http://www.loc.gov/standards/marcxml/schema/MARC21slim.xsd"
    xmlns="http://www.loc.gov/MARC21/slim">

  <leader>01424nam a2200277 a 4500</leader>
  <controlfield tag="001">000041492</controlfield>
  <controlfield tag="005">20201002034934.0</controlfield>
  <controlfield tag="008">131008s1993    sp            000 0 spa d</controlfield>
  <datafield tag="020" ind1=" " ind2=" ">
    <subfield code="a">8400049497</subfield>
  </datafield>
  <datafield tag="040" ind1=" " ind2=" ">
    <subfield code="a">DO-SdBNP</subfield>
    <subfield code="b">spa</subfield>
    <subfield code="c">BNPHU</subfield>
  </datafield>
  <datafield tag="082" ind1=" " ind2=" ">
    <subfield code="a">361.61094</subfield>
    <subfield code="b">I61s</subfield>
  </datafield>
  <datafield tag="245" ind1="0" ind2="0">
    <subfield code="a">Intercambio Social y Desarrollo del Bienestar /</subfield>
    <subfield code="c">Luis Moreno, compilador.</subfield>
  </datafield>
  <datafield tag="260" ind1=" " ind2=" ">
    <subfield code="a">Madrid :</subfield>
    <subfield code="a">Consejo Superior de Investigaciones Cient&#xED;ficas, Instituto de Estudios Sociales Avanzados,</subfield>
    <subfield code="c">1993.</subfield>
  </datafield>
  <datafield tag="300" ind1=" " ind2=" ">
    <subfield code="a">viii, 427 p. :</subfield>
    <subfield code="b">24 cm.</subfield>
  </datafield>
  <datafield tag="490" ind1="1" ind2=" ">
    <subfield code="a">Politeya</subfield>
    <subfield code="a">estudios de pol&#xED;tica y sociedad</subfield>
    <subfield code="v">4</subfield>
  </datafield>
  <datafield tag="500" ind1=" " ind2=" ">
    <subfield code="a">Incluye referencias bibliogr&#xE1;ficas y notas al pie de las p&#xE1;ginas.</subfield>
  </datafield>
  <datafield tag="500" ind1=" " ind2=" ">
    <subfield code="a">&#xA8;El II Seminario Internacional de Pol&#xED;tica Social 'Gumersindo de Azc&#xE1;rate', fue organizado por el Instituto de Estudios Sociales Avanzados (IESA), del Consejo Superior de Investigaciones Cient&#xED;ficas (CSIC), entre marzo y mayo de 1992"--P. 1.</subfield>
  </datafield>
  <datafield tag="504" ind1=" " ind2=" ">
    <subfield code="a">Bibliograf&#xED;a: p. 196</subfield>
  </datafield>
  <datafield tag="650" ind1=" " ind2="4">
    <subfield code="a">Asistencia p&#xFA;blica</subfield>
    <subfield code="z">Europa</subfield>
    <subfield code="9">68187</subfield>
  </datafield>
  <datafield tag="651" ind1=" " ind2="4">
    <subfield code="a">Europa</subfield>
    <subfield code="x">Pol&#xED;tica Social</subfield>
    <subfield code="9">68188</subfield>
  </datafield>
  <datafield tag="700" ind1="1" ind2="2">
    <subfield code="a">Moreno, Luis</subfield>
    <subfield code="q">(Moreno Fern&#xE1;ndez)</subfield>
    <subfield code="9">59681</subfield>
  </datafield>
  <datafield tag="710" ind1="2" ind2=" ">
    <subfield code="a">Instituto de Estudios Sociales Avanzados (Espa&#xF1;a)</subfield>
    <subfield code="9">59680</subfield>
  </datafield>
  <datafield tag="711" ind1="2" ind2=" ">
    <subfield code="a">Seminario Internacional de Pol&#xED;tica Social "Gumersindo de Azc&#xE1;rate</subfield>
    <subfield code="n">2 :</subfield>
    <subfield code="d">1992:</subfield>
    <subfield code="c">Madrid, Espa&#xF1;a</subfield>
    <subfield code="9">68189</subfield>
  </datafield>
  <datafield tag="830" ind1=" " ind2="0">
    <subfield code="a">Politeya</subfield>
    <subfield code="p">estudios de pol&#xED;tica y sociedad</subfield>
    <subfield code="n">4</subfield>
    <subfield code="9">68190</subfield>
  </datafield>
  <datafield tag="910" ind1=" " ind2=" ">
    <subfield code="a">Validado. Control de calidad MFF</subfield>
  </datafield>
  <datafield tag="952" ind1=" " ind2=" ">
    <subfield code="0">0</subfield>
    <subfield code="1">0</subfield>
    <subfield code="5">0</subfield>
    <subfield code="7">1</subfield>
    <subfield code="8">MO</subfield>
    <subfield code="a">GR</subfield>
    <subfield code="b">GR</subfield>
    <subfield code="c">HD</subfield>
    <subfield code="d">2013-10-08</subfield>
    <subfield code="i">LF1</subfield>
    <subfield code="l">0</subfield>
    <subfield code="o">361.61094 I61s</subfield>
    <subfield code="p">41492-10</subfield>
    <subfield code="r">2020-06-25</subfield>
    <subfield code="w">2020-06-25</subfield>
    <subfield code="y">1</subfield>
    <subfield code="Z">No se presta</subfield>
  </datafield>
  <datafield tag="999" ind1=" " ind2=" ">
    <subfield code="c">40982</subfield>
    <subfield code="d">40982</subfield>
  </datafield>
</record>
